| 000 | 00495nam a2200193Ia 4500 | ||
|---|---|---|---|
| 005 | 20250326124104.0 | ||
| 008 | 250326s9999 xx 000 0 und d | ||
| 037 | _aTextbook | ||
| 040 |
_aFMSL _beng _cFMSL |
||
| 041 |
_aeng _2eng |
||
| 084 |
_aX;51 K5;L2 _qFMSL |
||
| 100 |
_aCrane E _9736746 |
||
| 245 | 0 |
_aMarketing communications _cCrane E |
|
| 250 | _a2 | ||
| 260 |
_aNY _bNY, John Wiley _c1972 |
||
| 300 | _a499p | ||
| 942 |
_cTB _hX;51 K5;L2 |
||
| 999 |
_c1272234 _d1272234 |
||